25a. Reunión de la Conferencia General de la UNESCO : (Record no. 213224)

MARC details
000 -CABECERA
campo de control de longitud fija 00643nam a22001817a 4500
003 - IDENTIFICADOR DEL NÚMERO DE CONTROL
campo de control UPN
005 - FECHA Y HORA DE LA ÚLTIMA TRANSACCIÓN
campo de control 20250512111254.0
008 - ELEMENTOS DE LONGITUD FIJA--INFORMACIÓN GENERAL
campo de control de longitud fija 250512s1989 fr| |||frf||| 101 0 spa d
040 ## - FUENTE DE LA CATALOGACIÓN
Centro catalogador/agencia de origen MX-MxUPN
Lengua de catalogación spa
Centro/agencia transcriptor MX-MxUPN
041 ## - CÓDIGO DE IDIOMA
Código de lengua del texto/banda sonora o título independiente spa
050 ## - SIGNATURA TOPOGRÁFICA DE LA BIBLIOTECA DEL CONGRESO
Número de clasificación AS4 U82
Número de documento/Ítem 1982
110 ## - ASIENTO PRINCIPAL--NOMBRE CORPORATIVO
Nombre de entidad corporativa o nombre de jurisdicción como elemento de entrada Reunión de la Conferencia General de la UNESCO
Sede del congreso/Lugar de la reunión París, Francia
Fecha del congreso/reunión o de la firma de un tratado Octubre 16 - Noviembre 16
Número del congreso/reunión o número de parte o sección XXV
9 (RLIN) 56534
245 ## - MENCIÓN DE TÍTULO
Título 25a. Reunión de la Conferencia General de la UNESCO :
Resto del título pliego de instrucciones
260 ## - PUBLICACIÓN, DISTRIBUCIÓN, ETC.
Lugar de publicación, distribución, etc. París :
Nombre del editor, distribuidor, etc. UNESCO,
Fecha de publicación, distribución, etc. 1989
611 ## - ASIENTO SECUNDARIO DE MATERIA - NOMBRE DE LA REUNION
Número del congreso/reunión o número de parte o sección XXV Reunión del Consejo General de la UNESCO
902 ## - ELEMENTOS DE DATOS B LOCAL, LDB (RLIN)
Creó Maiella Martínez / 12052025
942 ## - ELEMENTOS DE PUNTO DE ACCESO ADICIONAL (KOHA)
Fuente del sistema de clasificación o colocación Library of Congress Classification
Tipo de ítem Koha Libro
Suprimir en OPAC No
Holdings
Estado de retiro Estado de pérdida Fuente del sistema de clasificación o colocación Estado dañado No para préstamo Código de colección Localización permanente Ubicación/localización actual Ubicación en estantería Fecha de adquisición Total de préstamos Clasificación Código de barras Fecha visto por última vez Precio válido a partir de Tipo de ítem Koha
    Library of Congress Classification   Disponible (Préstamo en sala) UNESCO Bib. Gregorio Torres Quintero Bib. Gregorio Torres Quintero Colecciones especiales Planta alta 12/05/2025   AS4 U82 1982 U10251 12/05/2025 12/05/2025 Libro